000
nam a22 7a 4500
999
_c
43912
_d
43912
003
OSt
005
20180317104429.0
008
180317b xxu||||| |||| 00| 0 eng d
040
_c
IIMT
100
_a
GUPTA,S.C.&GUPTA,INDRA
245
_a
BUSINESS STATISTICS
260
_a
NEW DELHI
_b
HIMALAYA
_c
2010
300
_a
19.23
942
_2
ddc
_c
01